[Event "CZE-chT2f 0506"]
[Site "Czech Republic"]
[Date "2005.11.20"]
[Round "3.7"]
[White "Slizek, Josef"]
[Black "Slovak, Vaclav"]
[Result "1-0"]
[WhiteElo "1983"]
[BlackElo "1626"]
[PlyCount "45"]
[EventDate "2005.10.16"]
[EventType "team"]
[EventRounds "11"]
[EventCountry "CZE"]
[SourceTitle "EXT 2009"]
[Source "ChessBase"]
[SourceDate "2008.11.26"]
[SourceVersion "1"]
[SourceVersionDate "2008.11.26"]
[SourceQuality "1"]

1. e4 e5 2. Nf3 Nc6 3. Bb5 d6 4. 0-0 Nf6 5. Re1 Be7 6. d4 Bd7 7. c3 a6 8. Ba4 b5 9. Bb3 Bg4 10. Bd5 Nxd5 11. exd5 Na5 12. dxe5 Nc4 13. exd6 Qxd6 14. h3 Bxf3 15. Qxf3 0-0-0 16. b3 Ne5 17. Qf5+ Nd7 18. Qxf7 Bh4 19. Be3 Rde8 20. Nd2 Rhf8 21. Qh5 Qf6 22. Nf3 g5 23. Bxg5 1-0